000 01432cam a2200421I 4500
001 10254
003 MCM
005 20211208234924.0
008 140123r19701965enk 000 0 eng d
020 _a0408184906
020 _a9780815516989
020 _z9780815513209
035 _a(BD-RjUL)10302
035 _a(BD-RjUL)
035 _aMITb10240718
035 _a(OCoLC)01043070
035 _aGLIS00240718
040 _cCIN
_dOCL
_dMYG
_aBD-RjUL
_beng
041 _aeng
082 0 4 _223
_a541.372
_bROE
090 _aQD561
_b.R663 1970
099 _aQD561.R663 1970
100 1 _aRobinson, R. A.
_q(Robert Anthony),
_d1904-1979.
_931687
245 1 0 _aElectrolyte solutions :
_bthe measurement and interpretation of conductance, chemical potential, and diffusion in solutions of simple electrolytes /
_cBy R.A. Robinson and R.H. Stokes.
250 _a2d ed., rev.
260 _aLondon :
_bButterworths ,
_c1959 [reprent 1970]
300 _axv, 571 p. :
_billus. ;
_c22 cm.
500 _a"Fifth impression (revised), 1970."
504 _aIncludes bibliographies.
650 0 _aElectrolyte solutions.
_929969
700 1 _aStokes, R. H.
_q(Robert Harold),
_d1918-
_931688
776 1 _w(OCoLC)752399732
856 4 1 _uhttp://app.knovel.com/web/toc.v/cid:kpESRE0007/viewerType:toc/root_slug:electrolyte-solutions
942 _2ddc
_cBK
946 _mKnovel
949 _aMYGE
_b39080003222988
999 _c10254
_d10254